Statistics for Country Shapes in the Map of Africa #3

Click here to take the quiz!

General Stats

  • This quiz has been taken 1,733 times
  • The average score is 10 of 10

Answer Stats

Answer % Correct
Morocco
100%
Tunisia
99%
Niger
98%
Eritrea
97%
Namibia
97%
Tanzania
96%
Ghana
95%
Zambia
95%
Cameroon
93%
Liberia
91%

Score Distribution

Percentile by Number Answered

Percent of People with Each Score

Your Score History

You have not taken this quiz